000 00434nmm a2200145Ia 4500
008 251105s9999||||xx |||||||||||||||||und||
041 _aspa
100 _aChoukroune, Leïla
245 0 _aLa sociedad china contemporánea
264 _a[Madrid, España] :
_bUniversitat Oberta de Catalunya,
_c2015
300 _a132 páginas
650 _aHistory of Asia
856 _uhttps://public.digitaliapublishing.com/a/43997
942 _cCF
999 _c105745
_d105745